Deploying functional grammar
Guardat en:
| Autors principals: | , |
|---|---|
| Altres autors: | |
| Format: | Llibre |
| Idioma: | xinès anglès |
| Publicat: |
Beijing
The Commercial Press
2010
|
| Matèries: | |
| Etiquetes: |
Afegir etiqueta
Sense etiquetes, Sigues el primer a etiquetar aquest registre!
|
MARC
| LEADER | 00000cam a2200000 a 4500 | ||
|---|---|---|---|
| 001 | UCF4708 | ||
| 003 | CL-VaPUC | ||
| 008 | 121220e20100000CH |||||||||||||||||chi|d | ||
| 020 | |a 9787100068512 | ||
| 041 | 0 | 7 | |a chi |2 CL-VaPUC |
| 041 | 0 | 7 | |a eng |2 CL-VaPUC |
| 082 | 0 | 4 | |a 415 |b MAR |2 21 |
| 100 | |a Martin, James Robert |e autor |q Martin, Jim R. |9 566246 | ||
| 700 | |a Matthiessen, Christian M. I. M. |e autor |9 566244 | ||
| 700 | |a Painter, Clare |e author |9 566245 | ||
| 245 | 1 | 0 | |a Deploying functional grammar |
| 300 | |a 307 p | ||
| 942 | |c BK | ||
| 945 | |d 20121220 00:00:00 |a dcastane | ||
| 260 | |a Beijing |b The Commercial Press |c 2010 | ||
| 650 | 7 | |a TIPOLOGIA LINGUISTICA |2 CL-VaPUC |9 320423 | |
| 650 | 0 | |a Lingüística |9 265068 | |
| 650 | 0 | |a Gramática |9 270497 | |
| 583 | |a last modification |c 20121220 10:25:00 |k Rodrigo Vera | ||
| 999 | |c 350413 |d 350411 | ||
| 952 | |0 0 |1 0 |4 0 |6 415_000000000000000_MAR_2010 |7 0 |8 A |9 453723 |a FDOPOS |b FDOPOS |d 2019-11-22 |i 4932552 |o 415 MAR 2010 |p 4932552 |r 2025-01-22 |w 2019-11-22 |y BK |k DLA | ||